| 000 | 00419nam a22001457a 4500 | ||
|---|---|---|---|
| 003 | MACL | ||
| 005 | 20170328123123.0 | ||
| 008 | 170328b xxu||||| |||| 00| 0 eng d | ||
| 040 | _cMACL | ||
| 100 |
_aParamount Examination Cell _966884 |
||
| 245 |
_assc (GL-Tier -1 ) Mock Test 21 to 40 _bParamount Test Series (Hindi) |
||
| 260 |
_a2014 _bParamount Reader Publication _cDelhi |
||
| 650 |
_aGK _966885 |
||
| 942 |
_2ddc _cBK |
||
| 999 |
_c56154 _d56154 |
||